[Event "Open Mediterranean 2017"]
[Site "Rijeka CRO"]
[Date "2009.11.27"]
[Round "1.1"]
[White "Kazhgaleyev, Murtas"]
[Black "Draskovic, Luka"]
[Result "1-0"]
[WhiteElo "2653"]
[BlackElo "2113"]
[PlyCount "65"]
[EventDate "2009.11.28"]
[EventType "swiss"]
[EventRounds "9"]
[EventCountry "CRO"]
[Source "lmi"]
[SourceDate "2009.11.28"]

1. d4 d5 2. c4 c6 3. Nc3 Nf6 4. Nf3 e6 5. e3 Nbd7 6. Bd3 dxc4 7. Bxc4 b5 8. Bd3
Bb7 9. O-O a6 10. a4 b4 11. Ne4 Nxe4 12. Bxe4 Nf6 13. Bd3 c5 14. dxc5 Bxc5 15.
Qe2 O-O 16. e4 e5 17. Nd2 Qe7 18. Nb3 Bb6 19. a5 Bc7 20. f3 Rfd8 21. Be3 Bd6
22. Rac1 Nd7 23. Rfd1 Rdc8 24. Rxc8+ Bxc8 25. Bc4 Nf8 26. Qd3 Be6 27. Bxe6 Qxe6
28. Qd5 Rd8 29. Qxe6 Nxe6 30. Kf1 Bc7 31. Rxd8+ Nxd8 32. Ke2 Nb7 33. Bb6 1-0

[Event "Open Mediterranean 2017"]
[Site "Rijeka CRO"]
[Date "2009.11.27"]
[Round "1.2"]
[White "Franciskovic, Vinko"]
[Black "Predojevic, Borki"]
[Result "0-1"]
[WhiteElo "2108"]
[BlackElo "2652"]
[PlyCount "96"]
[EventDate "2009.11.28"]
[EventType "swiss"]
[EventRounds "9"]
[EventCountry "CRO"]
[Source "lmi"]
[SourceDate "2009.11.28"]

1. e4 c5 2. Nf3 e6 3. d3 Nc6 4. g3 Nge7 5. Bg2 g6 6. O-O Bg7 7. Re1 d6 8. c3 e5
9. Nbd2 O-O 10. Nf1 h6 11. Be3 f5 12. Qd2 g5 13. exf5 Nxf5 14. g4 Nxe3 15. Nxe3
Be6 16. c4 Qd7 17. h3 Ne7 18. Nh2 Ng6 19. Nhf1 h5 20. Nf5 Bxf5 21. gxf5 Nf4 22.
Ne3 Bh6 23. Qd1 Kh8 24. Qf3 Rf7 25. Rad1 Rg8 26. Qg3 g4 27. hxg4 Nxg2 28. Qxg2
Bxe3 29. Rxe3 Rxg4 30. Rg3 Rxg3 31. fxg3 Qxf5 32. Rd2 Kg7 33. Kh2 Qf3 34. Qh3
Qg4 35. Qg2 Rf3 36. Rf2 e4 37. dxe4 Rxf2 38. Qxf2 Qxe4 39. b3 b6 40. Qb2+ Qe5
41. Qg2 h4 42. Qb7+ Kf6 43. Qb8 Qxg3+ 44. Kh1 h3 45. Qf8+ Ke5 46. Qe7+ Kd4 47.
Qf6+ Kd3 48. Qf1+ Kd2 0-1

[Event "Open Mediterranean 2017"]
[Site "Rijeka CRO"]
[Date "2009.11.27"]
[Round "1.3"]
[White "Kozul, Zdenko"]
[Black "Bjelicic, Jan"]
[Result "1-0"]
[WhiteElo "2604"]
[BlackElo "2087"]
[PlyCount "79"]
[EventDate "2009.11.28"]
[EventType "swiss"]
[EventRounds "9"]
[EventCountry "CRO"]
[Source "lmi"]
[SourceDate "2009.11.28"]

1. d4 Nf6 2. Nf3 e6 3. c4 d5 4. g3 Be7 5. Bg2 O-O 6. O-O Nbd7 7. Qc2 c6 8. Nbd2
Re8 9. Rd1 Bd6 10. e4 dxe4 11. Nxe4 Nxe4 12. Qxe4 Qe7 13. Bd2 Nf6 14. Qc2 c5
15. Bc3 cxd4 16. Nxd4 a6 17. Qd2 Rb8 18. Nc6 bxc6 19. Qxd6 Bb7 20. b3 Rbc8 21.
Bb4 Qc7 22. Qxc7 Rxc7 23. Ba5 Rd7 24. Rxd7 Nxd7 25. Rd1 Nb8 26. b4 Rc8 27. Bc7
Kf8 28. Bxb8 Rxb8 29. Rd7 Ba8 30. Ra7 Bb7 31. b5 axb5 32. cxb5 Ba8 33. f4 f5
34. h4 h6 35. h5 Kg8 36. Kf2 Kf8 37. Ke3 Rd8 38. b6 Rb8 39. a4 Rxb6 40. Rxa8+
1-0

[Event "Open Mediterranean 2017"]
[Site "Rijeka CRO"]
[Date "2009.11.27"]
[Round "1.4"]
[White "Noordhoek, Henk"]
[Black "Lenic, Luka"]
[Result "0-1"]
[WhiteElo "2087"]
[BlackElo "2598"]
[PlyCount "70"]
[EventDate "2009.11.28"]
[EventType "swiss"]
[EventRounds "9"]
[EventCountry "CRO"]
[Source "lmi"]
[SourceDate "2009.11.28"]

1. e4 c5 2. Nf3 Nc6 3. Bb5 g6 4. O-O Bg7 5. Re1 Nf6 6. c3 O-O 7. d3 d6 8. h3 e5
9. Nbd2 Bd7 10. Nf1 a6 11. Ba4 b5 12. Bb3 Na5 13. Bc2 h6 14. Ne3 Re8 15. Bd2
Bc6 16. c4 Rb8 17. b4 cxb4 18. Bxb4 Ba8 19. cxb5 axb5 20. a3 d5 21. Nd2 Nc6 22.
Qb1 Rc8 23. Bb3 Nd4 24. Nc2 Ne6 25. Ne3 Nf4 26. Kh2 Bc6 27. g3 Ne6 28. Rc1 dxe4
29. dxe4 Ng5 30. f3 Qd7 31. Ng4 Nxg4+ 32. hxg4 h5 33. Rd1 hxg4 34. f4 exf4 35.
gxf4 g3+ 0-1

[Event "Open Mediterranean 2017"]
[Site "Rijeka CRO"]
[Date "2009.11.27"]
[Round "1.5"]
[White "Safarli, Eltaj"]
[Black "Spika, Ivica"]
[Result "1-0"]
[WhiteElo "2592"]
[BlackElo "2086"]
[PlyCount "49"]
[EventDate "2009.11.28"]
[EventType "swiss"]
[EventRounds "9"]
[EventCountry "CRO"]
[Source "lmi"]
[SourceDate "2009.11.28"]

1. e4 c6 2. d4 d5 3. exd5 cxd5 4. c4 Nf6 5. Nc3 e6 6. Nf3 Be7 7. Bd3 dxc4 8.
Bxc4 a6 9. O-O b5 10. Bb3 Bb7 11. Bg5 O-O 12. Re1 Nbd7 13. a3 Re8 14. Qe2 Rc8
15. Rac1 h6 16. Bf4 Bf8 17. Ne5 Nxe5 18. dxe5 Nd5 19. Nxd5 Bxd5 20. Bc2 Rc4 21.
Qd3 g6 22. Qg3 Qd7 23. h4 Rec8 24. Bd3 Rxc1 25. Bxc1 1-0

[Event "Open Mediterranean 2017"]
[Site "Rijeka CRO"]
[Date "2009.11.27"]
[Round "1.6"]
[White "Padjen, Zdenko"]
[Black "Palac, Mladen"]
[Result "0-1"]
[WhiteElo "2082"]
[BlackElo "2578"]
[PlyCount "56"]
[EventDate "2009.11.28"]
[EventType "swiss"]
[EventRounds "9"]
[EventCountry "CRO"]
[Source "lmi"]
[SourceDate "2009.11.28"]

1. e4 c5 2. Nf3 d6 3. c3 Nf6 4. Be2 g6 5. O-O Bg7 6. Re1 O-O 7. Bf1 Nc6 8. d4
cxd4 9. cxd4 Bg4 10. d5 Ne5 11. Be2 Bxf3 12. gxf3 Rc8 13. Qb3 Nfd7 14. Nc3 Nc5
15. Qd1 Qb6 16. Na4 Qd8 17. Nxc5 dxc5 18. f4 Nd7 19. e5 Nb6 20. Bf3 Rc7 21. Qd3
Rd7 22. Qb5 Nxd5 23. Qxc5 b6 24. Qc4 e6 25. Be3 Qh4 26. Rac1 Nxe3 27. fxe3 Rfd8
28. Rc2 Qxe1+ 0-1

[Event "Open Mediterranean 2017"]
[Site "Rijeka CRO"]
[Date "2009.11.27"]
[Round "1.7"]
[White "Bosiocic, Marin"]
[Black "Brenc, Tomislav"]
[Result "1-0"]
[WhiteElo "2575"]
[BlackElo "2075"]
[PlyCount "52"]
[EventDate "2009.11.28"]
[EventType "swiss"]
[EventRounds "9"]
[EventCountry "CRO"]
[Source "lmi"]
[SourceDate "2009.11.28"]

1. e4 c5 2. Nf3 e6 3. d4 cxd4 4. Nxd4 a6 5. Bd3 Qc7 6. O-O Nf6 7. Qe2 d6 8. c4
Be7 9. Nc3 O-O 10. Be3 b6 11. f4 Bb7 12. Kh1 Nbd7 13. Bg1 Nc5 14. Bc2 d5 15.
cxd5 exd5 16. e5 Nfe4 17. Bxe4 Nxe4 18. Nxe4 dxe4 19. Rac1 Qd7 20. Rfd1 Rac8
21. Nc6 Qxc6 22. Rxc6 Rxc6 23. f5 Rfc8 24. Be3 Rc2 25. Qg4 Kh8 26. h4 Bc6 1-0

[Event "Open Mediterranean 2017"]
[Site "Rijeka CRO"]
[Date "2009.11.27"]
[Round "1.8"]
[White "Logar, Metod"]
[Black "Chatalbashev, Boris"]
[Result "0-1"]
[WhiteElo "2071"]
[BlackElo "2561"]
[PlyCount "42"]
[EventDate "2009.11.28"]
[EventType "swiss"]
[EventRounds "9"]
[EventCountry "CRO"]
[Source "lmi"]
[SourceDate "2009.11.28"]

1. e4 g6 2. d4 Bg7 3. Nc3 d6 4. f4 Nf6 5. Nf3 O-O 6. Bd3 Na6 7. O-O c5 8. d5
Bg4 9. f5 Qc8 10. fxg6 hxg6 11. Bg5 c4 12. Be2 b5 13. Qe1 b4 14. Nd1 Nxe4 15.
Bxe7 Re8 16. Qh4 f6 17. h3 Bf5 18. g4 Bd7 19. Bxf6 Qc5+ 20. Kh1 Bxf6 21. g5 Bg7
0-1

[Event "Open Mediterranean 2017"]
[Site "Rijeka CRO"]
[Date "2009.11.27"]
[Round "1.9"]
[White "Gajewski, Grzegorz"]
[Black "Muskardin, Mario"]
[Result "1-0"]
[WhiteElo "2561"]
[BlackElo "2067"]
[PlyCount "77"]
[EventDate "2009.11.28"]
[EventType "swiss"]
[EventRounds "9"]
[EventCountry "CRO"]
[Source "lmi"]
[SourceDate "2009.11.28"]

1. d4 Nf6 2. c4 e6 3. Nc3 Bb4 4. Nf3 O-O 5. Bg5 d5 6. cxd5 exd5 7. e3 c6 8. Bd3
Bg4 9. Qb3 Bxc3+ 10. Qxc3 Bxf3 11. gxf3 Re8 12. Rg1 Kh8 13. O-O-O Qd6 14. Rg3
Nbd7 15. Kb1 a5 16. Rdg1 g6 17. Bh6 b5 18. Rc1 Ra6 19. a4 b4 20. Qc2 Rb6 21.
Rgg1 b3 22. Qc3 Ra8 23. Bf4 Qb4 24. Qxb4 axb4 25. a5 Rxa5 26. Bc7 Ra2 27. Bxb6
Nxb6 28. Rxc6 Na4 29. Rc2 Nd7 30. Re2 Ndb6 31. Rc1 Kg7 32. e4 Nc4 33. Bxc4 dxc4
34. Rxc4 Nc3+ 35. bxc3 Rxe2 36. cxb4 Rxf2 37. b5 Rxf3 38. b6 Rf6 39. Rb4 1-0

[Event "Open Mediterranean 2017"]
[Site "Rijeka CRO"]
[Date "2009.11.27"]
[Round "1.10"]
[White "Klasan, Elvis"]
[Black "Kovacevic, Aleksandar"]
[Result "0-1"]
[WhiteElo "2066"]
[BlackElo "2558"]
[PlyCount "66"]
[EventDate "2009.11.28"]
[EventType "swiss"]
[EventRounds "9"]
[EventCountry "CRO"]
[Source "lmi"]
[SourceDate "2009.11.28"]

1. e4 c5 2. Nf3 d6 3. d4 cxd4 4. Nxd4 Nf6 5. Nc3 e6 6. Be3 Nc6 7. Be2 Be7 8.
O-O O-O 9. a3 Bd7 10. Nb3 Na5 11. Nd4 a6 12. f4 Qc7 13. h3 Nc4 14. Bxc4 Qxc4
15. Qd3 Qc7 16. g4 Rad8 17. Rae1 Bc8 18. Nf3 b5 19. Ne2 Bb7 20. Ng3 Rfe8 21. g5
Nd7 22. c3 Bf8 23. h4 e5 24. fxe5 dxe5 25. Qc2 Nc5 26. Bxc5 Bxc5+ 27. Kh2 g6
28. h5 Qd7 29. Rd1 Qg4 30. Rxd8 Rxd8 31. hxg6 hxg6 32. Kg2 Be3 33. Nxe5 Bxe4+
0-1

[Event "Open Mediterranean 2017"]
[Site "Rijeka CRO"]
[Date "2009.11.27"]
[Round "1.11"]
[White "Ruck, Robert"]
[Black "Steinhart, Christoph"]
[Result "1-0"]
[WhiteElo "2556"]
[BlackElo "2045"]
[PlyCount "123"]
[EventDate "2009.11.28"]
[EventType "swiss"]
[EventRounds "9"]
[EventCountry "CRO"]
[Source "lmi"]
[SourceDate "2009.11.28"]

1. Nf3 d5 2. d4 e6 3. c4 Nf6 4. Nc3 Bb4 5. Bg5 h6 6. Bxf6 Qxf6 7. e3 O-O 8. Rc1
Nd7 9. Qb3 Bxc3+ 10. Qxc3 c6 11. Be2 Re8 12. cxd5 exd5 13. b4 a6 14. O-O Nf8
15. Nd2 Bf5 16. Nb3 Ne6 17. Qb2 Qg6 18. Rfe1 Ng5 19. Kh1 Ne4 20. Bf1 Re7 21. f3
Nd6 22. Nc5 Rae8 23. Qf2 Bc8 24. Kg1 Qg5 25. Rc3 h5 26. a4 h4 27. a5 Qh6 28.
Bd3 f5 29. Bb1 Qf6 30. Rcc1 Qh6 31. f4 Ne4 32. Bxe4 fxe4 33. Rf1 Rf8 34. Qd2
Rf6 35. Rf2 Qh5 36. Qa2 Kh8 37. Rcf1 Ref7 38. h3 Kg8 39. Qe2 Qg6 40. Qe1 Rf5
41. g4 hxg3 42. Rg2 Rh5 43. Rxg3 Qh6 44. Kf2 Rxh3 45. Ke2 Rf6 46. Rfg1 Qh5+ 47.
Kd2 Rf7 48. Rxh3 Qxh3 49. Qf2 Rf6 50. Rg3 Qh1 51. Rg1 Qh3 52. Rg3 Qh1 53. Rg2
Qh3 54. Qg1 Qh6 55. Rh2 Qg6 56. Qh1 Qg4 57. Rh8+ Kf7 58. Qh7 Ke7 59. Qg8 Qg2+
60. Kc3 Qe2 61. Qd8+ Kf7 62. Qe8# 1-0

[Event "Open Mediterranean 2017"]
[Site "Rijeka CRO"]
[Date "2009.11.27"]
[Round "1.12"]
[White "Zrilic, Bozo"]
[Black "Jovanic, Ognjen"]
[Result "0-1"]
[WhiteElo "2021"]
[BlackElo "2552"]
[PlyCount "72"]
[EventDate "2009.11.28"]
[EventType "swiss"]
[EventRounds "9"]
[EventCountry "CRO"]
[Source "lmi"]
[SourceDate "2009.11.28"]

1. d4 d5 2. c4 c6 3. Nc3 Nf6 4. Nf3 dxc4 5. a4 Bf5 6. Ne5 Nbd7 7. Nxc4 Qc7 8.
f3 e5 9. e4 exd4 10. Ne2 Be6 11. Bf4 Bb4+ 12. Kf2 Qd8 13. Nd6+ Bxd6 14. Bxd6 c5
15. a5 Rc8 16. Nf4 Rc6 17. Nxe6 fxe6 18. e5 Rxd6 19. exd6 Qb8 20. Bc4 Qxd6 21.
Qb3 O-O 22. Bxe6+ Kh8 23. Bxd7 Nxd7 24. Rae1 Ne5 25. Re4 c4 26. Qa3 Nd3+ 27.
Ke2 Nc5 28. Rg4 h5 29. Rg3 Qe5+ 30. Kd1 Re8 31. f4 Qf5 32. Kc1 Nb3+ 33. Rxb3
cxb3 34. Qxb3 Rc8+ 35. Kd2 Qxf4+ 36. Ke2 Qe4+ 0-1

[Event "Open Mediterranean 2017"]
[Site "Rijeka CRO"]
[Date "2009.11.27"]
[Round "1.13"]
[White "Cvitan, Ognjen"]
[Black "Gheng, Simona"]
[Result "1-0"]
[WhiteElo "2533"]
[BlackElo "2017"]
[PlyCount "41"]
[EventDate "2009.11.28"]
[EventType "swiss"]
[EventRounds "9"]
[EventCountry "CRO"]
[Source "lmi"]
[SourceDate "2009.11.28"]

1. c4 e6 2. Nc3 d5 3. d4 Nf6 4. Bg5 c5 5. cxd5 cxd4 6. Qxd4 Nc6 7. Qd2 Nb4 8.
e4 exd5 9. exd5 Be7 10. Bb5+ Kf8 11. Rd1 h6 12. Bf4 Bd6 13. Bxd6+ Qxd6 14. a3
Na6 15. Nge2 g6 16. O-O Kg7 17. Qd4 Kh7 18. Ng3 Nc7 19. Nce4 Nxe4 20. Nxe4 Nxb5
21. Nf6+ 1-0

[Event "Open Mediterranean 2017"]
[Site "Rijeka CRO"]
[Date "2009.11.27"]
[Round "1.14"]
[White "Nastic, Milorad"]
[Black "Drazic, Sinisa"]
[Result "0-1"]
[WhiteElo "2012"]
[BlackElo "2519"]
[PlyCount "50"]
[EventDate "2009.11.28"]
[EventType "swiss"]
[EventRounds "9"]
[EventCountry "CRO"]
[Source "lmi"]
[SourceDate "2009.11.28"]

1. e4 c5 2. Nf3 Nc6 3. Bb5 g6 4. O-O Bg7 5. Re1 Nf6 6. d3 O-O 7. Bxc6 dxc6 8.
Bd2 Nd7 9. Bc3 e5 10. a4 a5 11. b3 Re8 12. Nbd2 Qc7 13. Nc4 f6 14. h3 Nf8 15.
Qd2 b6 16. Ne3 Ne6 17. Ng4 Nf4 18. Kh2 Be6 19. g3 Nxh3 20. Nh6+ Bxh6 21. Qxh6
Nxf2 22. Kg2 Ng4 23. Qh4 g5 24. Nxg5 fxg5 25. Qxg5+ Qg7 0-1

[Event "Open Mediterranean 2017"]
[Site "Rijeka CRO"]
[Date "2009.11.27"]
[Round "1.15"]
[White "Cebalo, Miso"]
[Black "Haug, Marianne Wold"]
[Result "1/2-1/2"]
[WhiteElo "2483"]
[BlackElo "2005"]
[PlyCount "49"]
[EventDate "2009.11.28"]
[EventType "swiss"]
[EventRounds "9"]
[EventCountry "CRO"]
[Source "lmi"]
[SourceDate "2009.11.28"]

1. d4 Nf6 2. Bg5 e6 3. e4 h6 4. Bxf6 Qxf6 5. Nc3 d6 6. Qd2 c6 7. f4 Nd7 8. Nf3
e5 9. dxe5 dxe5 10. f5 Bb4 11. a3 Ba5 12. g4 b5 13. O-O-O Qe7 14. h4 Bb7 15. g5
hxg5 16. Nxg5 O-O-O 17. Qd6 Qe8 18. Nxb5 cxb5 19. Bxb5 Bc7 20. Qb4 a5 21. Qc4
Nb6 22. Qc5 Nd7 23. Qc4 Nb6 24. Qc5 Nd7 25. Qc4 1/2-1/2

[Event "Open Mediterranean 2017"]
[Site "Rijeka CRO"]
[Date "2009.11.27"]
[Round "1.16"]
[White "Stefan, Mario"]
[Black "Martinovic, Sasa"]
[Result "0-1"]
[WhiteElo "1996"]
[BlackElo "2483"]
[PlyCount "82"]
[EventDate "2009.11.28"]
[EventType "swiss"]
[EventRounds "9"]
[EventCountry "CRO"]
[Source "lmi"]
[SourceDate "2009.11.28"]

1. e4 c5 2. Nf3 Nc6 3. c3 Qa5 4. Be2 Nf6 5. d3 d6 6. O-O g6 7. Nbd2 Bg7 8. Nc4
Qc7 9. Bg5 h6 10. Bf4 e5 11. Bd2 Be6 12. Ne3 d5 13. exd5 Nxd5 14. Nxd5 Bxd5 15.
Be3 b6 16. Qd2 f5 17. Qc2 O-O 18. Rad1 Rac8 19. Qa4 g5 20. h3 Qf7 21. b3 Rc7
22. Rfe1 Ne7 23. Nh2 Bc6 24. Qa3 Rd7 25. Qb2 Rfd8 26. Qc2 Qg6 27. Bc1 h5 28.
Bb2 g4 29. h4 f4 30. g3 Bb7 31. Bf1 Qc6 32. Re4 Nf5 33. Qe2 fxg3 34. Nxg4 hxg4
35. Qxg4 Nd6 36. Bg2 Nxe4 37. Bxe4 gxf2+ 38. Kh2 Qxe4 39. dxe4 Rxd1 40. Qe6+
Kh8 41. c4 f1=Q 0-1

[Event "Open Mediterranean 2017"]
[Site "Rijeka CRO"]
[Date "2009.11.27"]
[Round "1.18"]
[White "Sandalic, Josip"]
[Black "Doric, Darko"]
[Result "0-1"]
[WhiteElo "1971"]
[BlackElo "2470"]
[PlyCount "84"]
[EventDate "2009.11.28"]
[EventType "swiss"]
[EventRounds "9"]
[EventCountry "CRO"]
[Source "lmi"]
[SourceDate "2009.11.28"]

1. d4 d5 2. c4 e6 3. Nf3 c6 4. e3 Nf6 5. Bd3 Nbd7 6. Qc2 Bd6 7. Nc3 O-O 8. O-O
Qe7 9. e4 dxc4 10. Bxc4 e5 11. d5 Nb6 12. Bb3 Bg4 13. Qd3 cxd5 14. Bg5 d4 15.
Nd5 Nbxd5 16. Bxd5 h6 17. Bxf6 Qxf6 18. Nd2 Rab8 19. Rac1 Be6 20. Rc2 Rfc8 21.
Rxc8+ Bxc8 22. Qb3 b5 23. Rc1 Bd7 24. a3 a6 25. h3 g6 26. Nf1 Kg7 27. Rc2 Qe7
28. Qf3 Rc8 29. Rxc8 Bxc8 30. Qb3 Qd7 31. Kh2 a5 32. Ng3 a4 33. Qd1 h5 34. Nh1
b4 35. axb4 Bxb4 36. f3 Qb5 37. Nf2 Ba6 38. Qa1 Bd2 39. h4 Be3 40. Nh3 d3 41.
Qa2 d2 42. Bxf7 Qd7 0-1

[Event "Open Mediterranean 2017"]
[Site "Rijeka CRO"]
[Date "2009.11.27"]
[Round "1.19"]
[White "Neubauer, Martin"]
[Black "Gradiser, Dragoljub"]
[Result "1-0"]
[WhiteElo "2452"]
[BlackElo "1964"]
[PlyCount "94"]
[EventDate "2009.11.28"]
[EventType "swiss"]
[EventRounds "9"]
[EventCountry "CRO"]
[Source "lmi"]
[SourceDate "2009.11.28"]

1. d4 d5 2. c4 Nf6 3. cxd5 Qxd5 4. Nc3 Qd8 5. Nf3 e6 6. e4 Be7 7. Bd3 h6 8. O-O
Nbd7 9. Qe2 c6 10. Re1 Qc7 11. Bd2 g5 12. e5 Nd5 13. Rec1 N7b6 14. Ne4 Bd7 15.
a3 O-O-O 16. b4 Rdg8 17. b5 Nf4 18. Bxf4 gxf4 19. Qd2 Nd5 20. Nc3 Kb8 21. Nxd5
exd5 22. Qxf4 Bg5 23. Nxg5 Rxg5 24. bxc6 Bxc6 25. g3 Ka8 26. Qf6 Rgg8 27. Bb5
Rc8 28. Rc5 Rhg8 29. Bxc6 bxc6 30. Rac1 Kb7 31. Rxc6 Qd7 32. Rxc8 Rxc8 33. Rxc8
Kxc8 34. Qxh6 Qf5 35. Qc6+ Kb8 36. Qxd5 Kc7 37. Kg2 Kb6 38. h4 a5 39. Qf3 Qd7
40. Qb3+ Ka6 41. Qc4+ Kb6 42. Qc5+ Kb7 43. Qxa5 Qc6+ 44. d5 Qc2 45. Qb5+ Ka7
46. Qd7+ Kb8 47. Qe8+ Ka7 1-0

[Event "Open Mediterranean 2017"]
[Site "Rijeka CRO"]
[Date "2009.11.27"]
[Round "1.20"]
[White "Baljak, Jadranko"]
[Black "Rapport, Richard"]
[Result "0-1"]
[WhiteElo "1960"]
[BlackElo "2431"]
[PlyCount "106"]
[EventDate "2009.11.28"]
[EventType "swiss"]
[EventRounds "9"]
[EventCountry "CRO"]
[Source "lmi"]
[SourceDate "2009.11.28"]

1. Nf3 Nf6 2. c4 c5 3. d4 e6 4. Nc3 cxd4 5. Nxd4 Nc6 6. g3 Qb6 7. Nb3 Ne5 8.
Bg2 Nxc4 9. O-O Be7 10. e4 d6 11. Qe2 Qa6 12. Nd2 Nxd2 13. Qxa6 bxa6 14. Bxd2
Nd7 15. Rfd1 Bb7 16. Bf4 Ne5 17. Rac1 Rc8 18. Ne2 Rxc1 19. Rxc1 Kd7 20. Be3 Ra8
21. Rc2 Bd8 22. f3 Bb6 23. Bxb6 axb6 24. Kf2 Nd3+ 25. Ke3 Ne1 26. Rc1 Nxg2+ 27.
Kf2 g5 28. Kxg2 g4 29. Nc3 gxf3+ 30. Kxf3 f5 31. Ke3 fxe4 32. Nxe4 Bxe4 33.
Kxe4 Rf8 34. Rc2 Rf1 35. g4 e5 36. g5 Rf4+ 37. Ke3 d5 38. Rg2 Rh4 39. Kf3 Kd6
40. Kg3 Rf4 41. h4 Rf8 42. Kg4 e4 43. h5 Ke5 44. Rc2 e3 45. g6 hxg6 46. hxg6
Ke4 47. Kg5 Kd3 48. Rh2 e2 49. Rh3+ Kd2 50. Rh2 Kd1 51. Rxe2 Kxe2 52. g7 Ra8
53. Kg6 d4 0-1

[Event "Open Mediterranean 2017"]
[Site "Rijeka CRO"]
[Date "2009.11.27"]
[Round "1.21"]
[White "Kovacevic, Blazimir"]
[Black "Klobucar, Damir"]
[Result "1-0"]
[WhiteElo "2430"]
[BlackElo "1958"]
[PlyCount "69"]
[EventDate "2009.11.28"]
[EventType "swiss"]
[EventRounds "9"]
[EventCountry "CRO"]
[Source "lmi"]
[SourceDate "2009.11.28"]

1. c4 Nf6 2. Nc3 g6 3. e4 d6 4. d4 Bg7 5. Bd3 O-O 6. Nge2 Nbd7 7. O-O c5 8. h3
cxd4 9. Nxd4 Ne5 10. Be2 a6 11. Be3 Bd7 12. Rc1 Rc8 13. b3 Nc6 14. Qd2 Nxd4 15.
Bxd4 Bc6 16. f3 Qa5 17. Rfd1 Rfe8 18. Bf1 Kh8 19. Qb2 Qg5 20. b4 Bd7 21. Nd5 e5
22. Be3 Qg3 23. Bf2 Qg5 24. h4 Qh5 25. Nxf6 Bxf6 26. g4 Bxg4 27. fxg4 Qxg4+ 28.
Bg2 Bxh4 29. Bxh4 Qxh4 30. Rxd6 Rcd8 31. c5 Qf4 32. Rcd1 Rxd6 33. cxd6 Rd8 34.
Qf2 Qg4 35. Qf6+ 1-0

[Event "Open Mediterranean 2017"]
[Site "Rijeka CRO"]
[Date "2009.11.27"]
[Round "1.22"]
[White "Kukina, Mario"]
[Black "Rukavina, Josip"]
[Result "0-1"]
[WhiteElo "1949"]
[BlackElo "2428"]
[PlyCount "80"]
[EventDate "2009.11.28"]
[EventType "swiss"]
[EventRounds "9"]
[EventCountry "CRO"]
[Source "lmi"]
[SourceDate "2009.11.28"]

1. d4 Nf6 2. Nf3 d6 3. c4 g6 4. Nc3 Bg7 5. Bg5 h6 6. Bh4 g5 7. Bg3 Nh5 8. e3
Nd7 9. Be2 Ndf6 10. O-O O-O 11. e4 Nxg3 12. hxg3 c5 13. dxc5 dxc5 14. Qxd8 Rxd8
15. Rad1 Bg4 16. Rxd8+ Rxd8 17. Rd1 Rxd1+ 18. Bxd1 Nd7 19. Nd2 Be6 20. f4 Bd4+
21. Kf1 gxf4 22. gxf4 Nb6 23. Bb3 Be3 24. f5 Bxd2 25. fxe6 Bxc3 26. exf7+ Kxf7
27. bxc3 Kf6 28. Ke2 Kg5 29. Ke3 Kg4 30. Bd1+ Kg3 31. e5 e6 32. Be2 Nd7 33. Ke4
Nf8 34. Bf3 Ng6 35. Bh5 Nf4 36. Bf7 h5 37. a4 a5 38. Bxe6 Nxe6 39. Kd5 Nf4+ 40.
Ke4 Kg4 0-1

[Event "Open Mediterranean 2017"]
[Site "Rijeka CRO"]
[Date "2009.11.28"]
[Round "1.23"]
[White "Dancevski, Orce"]
[Black "Bubalo, Dean"]
[Result "1-0"]
[WhiteElo "2418"]
[BlackElo "1942"]
[PlyCount "71"]
[EventDate "2009.11.28"]
[EventType "swiss"]
[EventRounds "9"]
[EventCountry "CRO"]
[Source "lmi"]
[SourceDate "2009.11.28"]

1. d4 f6 2. e4 e6 3. Bd3 d5 4. Nf3 dxe4 5. Bxe4 c5 6. O-O f5 7. Bd3 cxd4 8.
Nxd4 Bc5 9. Bb5+ Kf7 10. Nxe6 Bxf2+ 11. Kh1 Qxd1 12. Ng5+ Ke7 13. Rxd1 h6 14.
Nh3 Bb6 15. Nf4 Kf7 16. Bc4+ Kf6 17. Nd5+ Kg6 18. Nxb6 axb6 19. Rd8 Nc6 20.
Rxg8 Rxg8 21. Bxg8 Bd7 22. Bc4 Re8 23. Bd2 Nd4 24. Na3 b5 25. Bd3 Bc6 26. Re1
Be4 27. Kg1 Kh5 28. Kf2 g5 29. Bc3 Nc6 30. Nxb5 Ne5 31. Bxe5 Rxe5 32. Nc3 g4
33. Nxe4 fxe4 34. Rxe4 Rf5+ 35. Kg3 b5 36. Be2 1-0

[Event "Open Mediterranean 2017"]
[Site "Rijeka CRO"]
[Date "2009.11.28"]
[Round "1.24"]
[White "Lakovic, Igor"]
[Black "Loncar, Robert"]
[Result "0-1"]
[WhiteElo "1940"]
[BlackElo "2406"]
[PlyCount "71"]
[EventDate "2009.11.28"]
[EventType "swiss"]
[EventRounds "9"]
[EventCountry "CRO"]
[Source "lmi"]
[SourceDate "2009.11.28"]

1. c4 e5 2. g3 Nf6 3. Bg2 Bc5 4. Nc3 O-O 5. e3 Re8 6. Nge2 Nc6 7. a3 a6 8. Qc2
Ba7 9. b3 d6 10. Bb2 Be6 11. Rc1 d5 12. cxd5 Nxd5 13. O-O Nxc3 14. Nxc3 Qd7 15.
b4 Rad8 16. b5 axb5 17. Nxb5 Bb6 18. d4 exd4 19. Nxd4 Nxd4 20. Bxd4 Bxd4 21.
exd4 c6 22. Qb2 Re7 23. Qb4 Qd6 24. Qc5 Red7 25. Rb1 Qxc5 26. dxc5 Ra8 27. Rfd1
Rxd1+ 28. Rxd1 Kf8 29. Rd3 Ke7 30. Bf3 Ra5 31. Rc3 Kf6 32. Be4 Ke5 33. Bxh7 g6
34. Re3+ Kf6 35. Re4 Kg7 36. Rh4 0-1

[Event "Open Mediterranean 2017"]
[Site "Rijeka CRO"]
[Date "2009.11.28"]
[Round "1.25"]
[White "Sale, Srdjan"]
[Black "Peric, Davor"]
[Result "1/2-1/2"]
[WhiteElo "2399"]
[BlackElo "1940"]
[PlyCount "84"]
[EventDate "2009.11.28"]
[EventType "swiss"]
[EventRounds "9"]
[EventCountry "CRO"]
[Source "lmi"]
[SourceDate "2009.11.28"]

1. f4 d5 2. Nf3 Nf6 3. g3 g6 4. Bg2 Bg7 5. O-O O-O 6. d3 c5 7. Nc3 Nc6 8. e4 d4
9. Ne2 Qc7 10. h3 e5 11. f5 h6 12. g4 g5 13. h4 gxh4 14. g5 hxg5 15. Bxg5 Nh7
16. Bxh4 Bh6 17. Ng3 f6 18. Kh1 Qf7 19. Bh3 Be3 20. Bg4 Qg7 21. Bh5 Bd7 22. c3
Be8 23. Qb3+ Kh8 24. Bg6 Bxg6 25. fxg6 Qxg6 26. Qxb7 Qg4 27. Qxc6 Qh3+ 28. Nh2
Qxh4 29. Nf5 Qh3 30. Rf3 Qh5 31. Nxe3 dxe3 32. Rxe3 Rg8 33. Rf1 Raf8 34. Qd7
Qg5 35. Qh3 Rg6 36. Ree1 Rfg8 37. Qf3 Qd2 38. Qe2 Qg5 39. Qf2 Qh5 40. Qf3 Qg5
41. Qf2 Qh5 42. Qe2 Qg5 1/2-1/2

[Event "Open Mediterranean 2017"]
[Site "Rijeka CRO"]
[Date "2009.11.28"]
[Round "1.26"]
[White "Mateljak, Goran"]
[Black "Battaglini, Gabriel"]
[Result "0-1"]
[WhiteElo "1936"]
[BlackElo "2398"]
[PlyCount "90"]
[EventDate "2009.11.28"]
[EventType "swiss"]
[EventRounds "9"]
[EventCountry "CRO"]
[Source "lmi"]
[SourceDate "2009.11.28"]

1. Nf3 d5 2. g3 c6 3. Bg2 Nf6 4. O-O h6 5. b3 Bf5 6. Bb2 e6 7. d3 Be7 8. Nbd2
Nbd7 9. Ne5 Nxe5 10. Bxe5 O-O 11. h3 Bh7 12. Bb2 a5 13. a4 Qb6 14. Nf3 Rfe8 15.
Rc1 Nd7 16. e3 Rad8 17. Qe2 Qa6 18. Rfd1 Nc5 19. Nd2 Bf8 20. e4 e5 21. f3 Nxa4
22. bxa4 Qb6+ 23. Kh2 Qxb2 24. Rb1 Qxc2 25. Rdc1 Qxa4 26. Rxb7 Bb4 27. Nf1 dxe4
28. dxe4 c5 29. Qc4 Rd7 30. Rxd7 Qxd7 31. Ne3 Kh8 32. Rd1 Qb7 33. Nd5 a4 34.
Rb1 Rb8 35. Bf1 f5 36. Bd3 Bg8 37. Qa2 a3 38. Bc4 fxe4 39. fxe4 Bh7 40. Bd3 Rd8
41. Bc2 Qf7 42. Kg2 Rf8 43. Nxb4 Qf3+ 44. Kh2 Qe2+ 45. Kg1 cxb4 0-1